ARRUPE JESUIT UNIVERSITY

CORONAVIRUS -STOP THE SPREAD - CLEAN,DISINFECT,COVER

Napoleon's love child : (Record no. 130217)

MARC details
000 -LEADER
fixed length control field 00988cam a2200277 i 4500
001 - CONTROL NUMBER
control field 1277687
003 - CONTROL NUMBER IDENTIFIER
control field ARRUPE
005 - DATE AND TIME OF LATEST TRANSACTION
control field 20200130093334.0
008 - FIXED-LENGTH DATA ELEMENTS--GENERAL INFORMATION
fixed length control field 751021s1974 enkacef b 001 0beng
010 ## - LIBRARY OF CONGRESS CONTROL NUMBER
LC control number 75327044
015 ## - NATIONAL BIBLIOGRAPHY NUMBER
National bibliography number GB75-02034
020 ## - INTERNATIONAL STANDARD BOOK NUMBER
International Standard Book Number 0718303334 :
Terms of availability £4.95
040 ## - CATALOGING SOURCE
Original cataloging agency DLC
Transcribing agency DLC
Modifying agency DLC
050 00 - LIBRARY OF CONGRESS CALL NUMBER
Classification number DC216.95.L4
Item number D6
082 00 - DEWEY DECIMAL CLASSIFICATION NUMBER
Classification number 944.07/092/4
-- B
300 ## - PHYSICAL DESCRIPTION
Other physical details ill., coat of arms, geneal. table, plan, ports.
Dimensions 25 cm.
100 1# - MAIN ENTRY--PERSONAL NAME
Personal name Dodds, Dennis Walton.
9 (RLIN) 49153
245 10 - TITLE STATEMENT
Title Napoleon's love child :
Remainder of title a biography of Count Leon /
Statement of responsibility, etc Dennis Walton Dodds ; foreword by Count Gaston Leon of Le Raincy.
260 ## - PUBLICATION, DISTRIBUTION, ETC. (IMPRINT)
Place of publication, distribution, etc London :
Name of publisher, distributor, etc William Kimber,
Date of publication, distribution, etc 1974.
300 ## - PHYSICAL DESCRIPTION
Extent 270 p., [16] p. of plates :
500 ## - GENERAL NOTE
General note Includes index.
504 ## - BIBLIOGRAPHY, ETC. NOTE
Bibliography, etc Bibliography: p. 254-259.
600 00 - SUBJECT ADDED ENTRY--PERSONAL NAME
Personal name Léon,
Titles and other words associated with a name comte,
Dates associated with a name 1806-1881.
9 (RLIN) 49154
600 00 - SUBJECT ADDED ENTRY--PERSONAL NAME
Personal name Napoleon
Numeration I,
Titles and other words associated with a name Emperor of the French,
Dates associated with a name 1769-1821
General subdivision Family.
9 (RLIN) 49155
906 ## - LOCAL DATA ELEMENT F, LDF (RLIN)
a 7
b cbc
c orignew
d 3
e ncip
f 19
g y-gencatlg
942 ## - ADDED ENTRY ELEMENTS (KOHA)
Source of classification or shelving scheme Library of Congress Classification
Koha item type Monograph ( Printed materials)
Holdings
Withdrawn status Lost status Source of classification or shelving scheme Damaged status Not for loan Collection code Home library Current library Shelving location Date acquired Total Checkouts Full call number Barcode Date last seen Price effective from Koha item type
    Library of Congress Classification     Main Collection ARRUPE LIBRARY ARRUPE LIBRARY Main Collection 30/01/2020   DC216.95.L4 D6 46600006661 30/01/2020 30/01/2020 Monograph ( Printed materials)

 

Arrupe Library. PO Box MP320 Mt Pleasant, Harare, Zimbabwe
263 242 745411|librarian@aju.ac.zw